Avatar the Last Airbender Characters Quiz Stats

 Plays Quiz not verified by Sporcle

Score 0/16 Timer 03:00
0 Plays Today
Hint Character % Correct
the banned princeZuko
99.7%
the boomerang guySokka
97.6%
the evil sisterAzula
97.3%
the flying lemurMomo
96.9%
the flying bisonAppa
96.6%
the tea loverIroh
96.2%
the hopeful thinkerKatara
95.2%
the blind banditToph
94.8%
Hint Character % Correct
the bald protagonistAang
94.8%
the previous avatarRoku
93.8%
the pessimistic girlfriendMai
93.5%
the pheonix kingOzai
92.1%
the kyoshi warriorSuki
92.1%
the optimistic acrobatTy Lee
91.8%
the freedom fighterJet
89.7%
the moon spiritYue
87.3%

You're not logged in!

Compare scores with friends on all Sporcle quizzes.
OR
Log In

Sporcle TV

Today on Sporcle TV


Watch our educational content, quiz creation guides, and fun videos on Sporcle TV.

Show Comments

Extras

Top Quizzes Today


Score Distribution

Your Account Isn't Verified!

In order to create a playlist on Sporcle, you need to verify the email address you used during registration. Go to your Sporcle Settings to finish the process.

Report this User

Report this user for behavior that violates our Community Guidelines.

Details: